[Event "Girona Gerunda op"]
[Site "Girona"]
[Date "2021.07.20"]
[Round "3"]
[White "Farre i Benseny, Miquel"]
[Black "Llorella Costa, Fabio Ricardo"]
[Result "1-0"]
[WhiteElo "2078"]
[BlackElo "1757"]
[PlyCount "48"]
[EventDate "2021.07.19"]
[EventType "swiss"]
[EventRounds "9"]
[EventCountry "ESP"]
[SourceTitle "EXT 2022"]
[Source "ChessBase"]
[SourceDate "2021.10.06"]
[SourceVersion "1"]
[SourceVersionDate "2021.10.06"]
[SourceQuality "1"]

1. e4 e6 2. Nf3 d5 3. e5 c5 4. b4 Qb6 5. bxc5 Bxc5 6. d4 Be7 7. Bd3 f6 8. c3 Nh6 9. 0-0 Nf7 10. Re1 0-0 11. Ba3 Bxa3 12. Nxa3 Qa5 13. Nb1 fxe5 14. Nxe5 Qc7 15. Qh5 Nh6 16. Re3 Nc6 17. Ng4 Nf5 18. Rg3 Ncxd4 19. Nh6+ Kh8 20. Nxf5 Nxf5 21. Rh3 g6 22. Qxg6 h6 23. Bxf5 Rf7 24. Rxh6+ Rh7 1-0